<?xml version="1.0" encoding="UTF-8"?>
<marc:record xmlns:marc="http://www.loc.gov/MARC21/slim">
   <marc:leader>00000nam a2200000 a 4500</marc:leader>
   <marc:datafield ind1="1" ind2=" " tag="100">
      <marc:subfield code="a">McGinley, Patrick</marc:subfield>
      <marc:subfield code="4">aut</marc:subfield>
      <marc:subfield code="e">Verfasser/-in</marc:subfield>
   </marc:datafield>
   <marc:datafield ind1="0" ind2="0" tag="245">
      <marc:subfield code="a">House of fear</marc:subfield>
   </marc:datafield>
   <marc:datafield ind1="0" ind2="0" tag="245">
      <marc:subfield code="b">Angriff der Spinnenmutanten</marc:subfield>
   </marc:datafield>
   <marc:datafield ind1="0" ind2="0" tag="245">
      <marc:subfield code="c">McGinley, Patrick</marc:subfield>
   </marc:datafield>
   <marc:datafield ind1=" " ind2="1" tag="264">
      <marc:subfield code="a">Bindlach</marc:subfield>
      <marc:subfield code="b">Loewe</marc:subfield>
      <marc:subfield code="c">2012</marc:subfield>
   </marc:datafield>
   <marc:datafield ind1=" " ind2=" " tag="250">
      <marc:subfield code="a">1. Aufl.</marc:subfield>
   </marc:datafield>
   <marc:datafield ind1="1" ind2=" " tag="520">
      <marc:subfield code="a">Ein harmloses Campingabenteuer endet für Richie und seine Freunde in einer Katastrophe. Mitten in der Nacht werden sie von gespenstischen Fremden entführt und in einen labyrinthartigen Komplex gebracht. Dort angekommen, sehen sie sich plötzlich gefräßigen Spinnenmutanten ausgeliefert, die jede Flucht nahezu unmöglich machen.&#xD;
&#xD;
Gemeinsam erkämpfen sich die drei Teenager einen Weg hinaus aus dieser Hölle - doch die wahre Gefahr steht ihnen erst noch bevor.&#xD;
&#xD;
Mehr Infos rund ums Buch unter:&#xD;
&#xD;
www.HouseOfFear.de</marc:subfield>
   </marc:datafield>
   <marc:datafield ind1=" " ind2=" " tag="020">
      <marc:subfield code="a">9783785573105</marc:subfield>
      <marc:subfield code="9">9783785573105</marc:subfield>
   </marc:datafield>
   <marc:datafield ind1=" " ind2=" " tag="020">
      <marc:subfield code="a">3785573103</marc:subfield>
      <marc:subfield code="9">3785573103</marc:subfield>
   </marc:datafield>
   <marc:datafield ind1=" " ind2=" " tag="041">
      <marc:subfield code="a">ger</marc:subfield>
   </marc:datafield>
   <marc:datafield ind1=" " ind2=" " tag="338">
      <marc:subfield code="a">Band</marc:subfield>
   </marc:datafield>
   <marc:datafield ind1=" " ind2=" " tag="300">
      <marc:subfield code="a">170 S.</marc:subfield>
   </marc:datafield>
</marc:record>
